| 000 | 00406nam a2200145Ia 4500 | ||
|---|---|---|---|
| 008 | 230917s9999||||xx |||||||||||||| ||und|| | ||
| 040 |
_e71239 _aMAIN |
||
| 041 | _aEnglish | ||
| 082 | _a973.32092 H976J | ||
| 100 | _aHuston, James H | ||
| 245 | 0 | _aJohn Adams and the diplomacy of the American revolution | |
| 260 |
_aKentucky _bUniversity Press of Kentucky _c1980 |
||
| 300 | _avii, 199 p. | ||
| 942 | _cBK | ||
| 999 |
_c225865 _d225865 |
||